Approach to computer installation performance effectiveness evaluation (Record no. 56397)

MARC details
000 -LEADER
fixed length control field 00496nam a22001337a 4500
008 - FIXED-LENGTH DATA ELEMENTS--GENERAL INFORMATION
fixed length control field 230731b |||||||| |||| 00| 0 eng d
040 ## - CATALOGING SOURCE
Original cataloging agency National Science Library
Transcribing agency National Science Library
100 1# - MAIN ENTRY--PERSONAL NAME
Personal name Statland, N
9 (RLIN) 12866
245 ## - TITLE STATEMENT
Title Approach to computer installation performance effectiveness evaluation
Statement of responsibility, etc. / Auerbach Corporation Philadelphia, Pennsylvania June 1965
260 ## - PUBLICATION, DISTRIBUTION, ETC.
Place of publication, distribution, etc. Washington:
Name of publisher, distributor, etc. US Department of Commerce,
Date of publication, distribution, etc. 1965
300 ## - PHYSICAL DESCRIPTION
Extent 155p.
700 ## - ADDED ENTRY--PERSONAL NAME
Personal name Proctor, R
942 ## - ADDED ENTRY ELEMENTS (KOHA)
Source of classification or shelving scheme Universal Decimal Classification
Koha item type Reference
Holdings
Withdrawn status Lost status Source of classification or shelving scheme Damaged status Not for loan Home library Current library Shelving location Date acquired Total Checkouts Barcode Date last seen Price effective from Koha item type
    Universal Decimal Classification     National Science Library National Science Library GF/Rk-9/C-12/R-6 02/04/1968   22551 31/07/2023 02/04/1968 Reference